01949cam a22001934a 4500020002500000020002200025041000800047082001700055100002100072245007100093260005100164300001800215505128000233650002601513942000701539952009601546952009601642999001701738 a9780801039591 (pbk.) a0801039592 (pbk.) aENG00a221.601bGOL1 aGoldingay, John.10aKey questions about Biblical interpretation :Old Testament Answers aGrand Rapids, Mich. :bBaker Academic,cc2011. axii, 384 p. ;0 aWhat is involved in understanding a passage from the Bible? -- What difference does it make if you are premodern, modern, or postmodern? -- Can we learn from the past? -- Luther and the Bible -- Can we learn from the hermeneutics of liberation theology? -- What questions does evangelical biblical interpretation need to consider? -- How does scripture impact our life with God? -- How should we read scripture in church? -- Canon and lection -- How might preaching be scriptural? -- How does the Bible do theological reflection? -- How does Biblical narrative relate to systematic theology? -- How does Biblical story shape our story? -- How do we preach on narrative? -- Does Biblical narrative need to be historical? -- How does Christian faith relate to the First Testament? -- In what sense is it appropriate to read the first testament, Christologically? -- What defines evangelical study of the First Testament? -- In what way does Old Testament theology relate to the canon? -- How may we interpret the Pentateuch? -- Can we read prophecy in light of the newspaper? -- Is there prophecy today? -- How does poststructuralist interpretation work? -- Isaiah 40-55 as a test case -- Is there masculist interpretation? -- How may we interpret wisdom, poetry, and writings? aBible - Old Testament cBK 00104070aHMIbHMIcGENd2018-11-23l0o221.601 GOLp11003921r2026-01-16w2026-01-16yBK 00104070aHMIbHMIcGENd2018-11-23l0o221.601 GOLp11003922r2026-01-16w2026-01-16yBK c22544d22544